000 00548cam a2200217 4500
001 D12433
008 1947 a
035 _a(Sirsi) u3485
041 _aeng
050 0 4 _a920 $2 18
100 1 _aCobbett, William
245 0 4 _aThe autobiography of William Cobbett
260 _aLondon
_bFaber & Faber
_c1947
300 _a272 p.
_c19 cm.
350 _a0
651 4 _aGreat Britain
_y1707-
690 _aENVIRONMENTAL AND LAND CONSULTANCY
700 1 _aReitzel, William
942 _n0
948 _c04/03/1997
999 _c85890
_d85890